00657 a2200205 4500001000700000040002200007041001600029082001900045100010600064245001500170250001400185260003100199300000700230362001300237490002300250697005500273942000700328952009700335999001900432140057 cLeonardo Da Vinci aPortuguês aJ P237cbP237c aNOVAES, Carlos EduardoaOLIVEIRA, José CarlosaDIAFÉRIA, LourençoaVERÍSSIMO, Luís Fernando aCrônicas a3.ed. v.7 bÁticac1982aSão Paulo a92 a19820000 aPara gostar de ler aLiteratura juvenilaCrônicaaColetâneaaBrasil cBK 00104070a71.1b71.1d2024-03-27l0oJ P237cpO004259r2024-03-27 22:44:57w2024-03-27yBK c140057d140057